Gaming Quiz

Random Gaming or Minecraft Quiz

Name the minecraft stuff Quiz Stats

 Plays Quiz not verified by Sporcle

Score 0/50 Timer 10:00
0 Plays Today
% Correct
nether portal
90.9%
golden apple
81.8%
redstone
81.8%
golden shovel
81.8%
minecart
81.8%
alex
81.8%
creeper
81.8%
wooden axe
81.8%
tnt
81.8%
torch
81.8%
witch
81.8%
steve
81.8%
emerald
81.8%
bed
81.8%
crafting table
72.7%
pig
72.7%
cobweb
72.7%
red wool
72.7%
fire
72.7%
slime block
72.7%
sunflower
72.7%
apple
72.7%
ghast
72.7%
blaze
72.7%
wolf
72.7%
% Correct
horse
72.7%
armor stand
72.7%
red flower
63.6%
husk
63.6%
diamond sword
63.6%
brown mushroom
63.6%
rail
63.6%
dragon egg
63.6%
hopper
63.6%
cyan wool
54.5%
end crystal
54.5%
black shulker box
45.5%
black glass
36.4%
cave spider
36.4%
sheep
36.4%
bowl
36.4%
bucket
36.4%
clay block
36.4%
bacon
27.3%
end rod
27.3%
jungle door
27.3%
parrot
27.3%
11 disc
18.2%
pine wood
9.1%
blue glazed terracotta
9.1%

You're not logged in!

Compare scores with friends on all Sporcle quizzes.
OR
Log In

You Might Also Like...

Show Comments

Extras

Created Jan 29, 2019ReportNominate
Tags:Minecraft Quiz, block, stuff

Top Quizzes Today


Score Distribution

Your Account Isn't Verified!

In order to create a playlist on Sporcle, you need to verify the email address you used during registration. Go to your Sporcle Settings to finish the process.

Report this User

Report this user for behavior that violates our Community Guidelines.

Details: